| 000 | 01062cam a2200337 a 4500 | ||
|---|---|---|---|
| 001 | 6387 | ||
| 003 | FISKH | ||
| 005 | 20250428104019.0 | ||
| 008 | 050126s2007 nyua b 000 1 eng | ||
| 010 | _a 2005002268 | ||
| 020 | _a0439782252 | ||
| 020 | _a9780545386623 | ||
| 040 |
_aDLC _cDLC _dIG# _beng |
||
| 050 | _aPZ7.J629 L | ||
| 082 | _a310 | ||
| 100 | 1 |
_aJohnson, Angela, _d1961- |
|
| 245 | 1 | 0 |
_aLily Brown's paintings / _cby Angela Johnson ; paintings by E.B. Lewis. |
| 260 |
_aNew York : _bScholastic, _c2007. |
||
| 300 |
_a32 unnumbered pages ; _bcolor illustrations ; _c27 cm. |
||
| 505 | _aR | ||
| 520 | _aWhen Lily Brown paints, she imagines all sorts of fantastic things in the scenes that she sees every day. | ||
| 521 | 8 |
_a690
_bLexile AD |
|
| 521 | 8 |
_aR
_bRaz-Plus |
|
| 650 | 1 |
_aPainting _vFiction. |
|
| 650 | 1 |
_aImagination _vFiction. |
|
| 650 | 1 |
_aAfrican Americans _vFiction. |
|
| 700 | 1 |
_aLewis, Earl B. _eillustrator |
|
| 906 |
_a7 _bcbc _corignew _d1 _eecip _f20 _gy-gencatlg |
||
| 942 |
_2ddc _cBK _n0 |
||
| 999 |
_c6387 _d6387 |
||